00782nam a22002657a 4500003000500000005001700005008004100022010001000063011001000073035001000083040000900093082001500102111007500117245001600192260007200208300003100280490002900311650004100340650001800381650003600399650002600435700001600461830002900477852001000506CHAP20220329140744.0971013s1969 r 10010 d a57145 a58117 a62272 cCHAP a635.9bS9500aSymposium on Flower Regulation in Florist Crops. (d1968c: Vollebekk) aProceedings aThe Hague :bInternational Society for Horticultural Science,c1969 a259 p.b: ilus. ; gráfs. aActa Horticulturaev; 1414aFloresxFisiología y morfología.14aFloricultura.14aPlantasxCrecimientoxAditivos.14aPlantasxFloración.0 aStromme, E.0 aActa Horticulturaev; 14 2yISSUE